Digital Revolution in Small and Medium Enterprises’ Human Resources: The Case of Brescia
Zistenie zmien týkajúcich sa pracovných miest a zručností v súvislosti s informačnými, komunikačnými technológiami a štvrtou priemyselnou revolúciou v malých a stredných podnikoch. Talianska spoločnosť Piano Industria 4.0 zaviedla šesť dobre definovaných intervenčných opatrení pre malé a stredné pod...
Salvato in:
| Autore principale: | |
|---|---|
| Natura: | Capitolo di libro |
| Lingua: | inglese |
| Soggetti: | |
| Tags: |
Nessun Tag, puoi essere il primo ad aggiungerne!!
|
MARC
| LEADER | 00000naa a2200000 4500 | ||
|---|---|---|---|
| 001 | 0263521 | ||
| 005 | 20200731082602.3 | ||
| 041 | 0 | |a eng | |
| 044 | |a PT | ||
| 245 | 1 | 0 | |a Digital Revolution in Small and Medium Enterprises’ Human Resources: The Case of Brescia |c Maria Garbelli |
| 520 | |a Zistenie zmien týkajúcich sa pracovných miest a zručností v súvislosti s informačnými, komunikačnými technológiami a štvrtou priemyselnou revolúciou v malých a stredných podnikoch. Talianska spoločnosť Piano Industria 4.0 zaviedla šesť dobre definovaných intervenčných opatrení pre malé a stredné podniky, ktoré slúžia ako podpora celému neľahkému prechodu k paradigme štvrtej priemyselnej revolúcie. Predvídanie digitálnej revolúcie v oblasti ľudských zdrojov a pracovných miest v budúcnosti. Integrácia digitálnych zručností do ľudských zdrojov prostredníctvom vzdelávania. | ||
| 610 | 2 | 0 | |a digitalizácia |
| 610 | 2 | 0 | |a automatizácia |
| 610 | 2 | 0 | |a inovácia |
| 610 | 2 | 0 | |a priemysel 4.0 |
| 610 | 2 | 0 | |a podnik malý |
| 610 | 2 | 0 | |a podnik stredný |
| 610 | 2 | 0 | |a zdroje ľudské |
| 610 | 2 | 0 | |a zručnosti |
| 610 | 2 | 0 | |a podnik digitálny |
| 610 | 2 | 0 | |a technológie informačné |
| 610 | 2 | 0 | |a technológie komunikačné |
| 610 | 2 | 0 | |a Taliansko |
| 100 | 1 | |a Garbelli, Maria | |